Paesi più vicini agli EAU - Un minuto di sprint - Statistics

Statistiche generali
  • Questo quiz è stato fatto 33 volte
  • Il punteggio medio è 13 su 20
Statistiche sulle risposte
km nazione % Corretto
0 Arabia Saudita
100%
66 Iran
96%
683 Iraq
96%
0 Oman
96%
443 Yemen
96%
560 Kuwait
88%
32 Qatar
88%
158 Bahrain
80%
1515 Siria
80%
529 Pakistan
76%
1488 Giordania
72%
1206 India
72%
627 Afghanistan
68%
1562 Turchia
48%
1234 Somalia
44%
1108 Eritrea
36%
1515 Gibuti
36%
1165 Turkmenistan
20%
1516 Sudan
16%
1540 Azerbaijan
12%
Nessun quiz corrispondente trovato
Distribuzione punteggi
Percentuale di utenti per punteggio
Percentile per numero di risposta
I tuoi punteggi nel tempo
Non hai fatto questo quiz